Datum a čas kvízu

36.5 Celkem bodů Celkový počet nahraných bodů na tomto kvízu bez doplňovacích otázek.
2. Pořadí na kvízu Konečné umístění týmu na tomto kvízu.

Zaznamenané odpovědi

# Otázka Odpověď Body Výsledky
1. Poslankyně Alena Schillerová z... TikTok 1
2. Ve které zemi zrušil minulý tý... v Rumunsku 1
3. Minulý týden kolovala internet... A) postrádala typické vlnky na povrchu 1
4. Dosavadním rozvážkovým službám... Česká pošta, COOP 0.5
5. Která sportovkyně v sobotu uko... Markéta Davidová 1
6. Téma o nejpoužívanějších aplik... Bolt 1
7. Počet aktivních uživatelů je c... Snapchat 0
8. Ve které aplikaci najdeme tako... Waze 1
9. Ve které z těchto zemí jako v... C 0
10. Tento Evropan má kratičké příj... Spotify 0